| 000 | 00572nam a22002057a 4500 | ||
|---|---|---|---|
| 003 | OSt | ||
| 005 | 20140310182030.0 | ||
| 008 | 130814t xxu||||| |||| 00| 0 eng d | ||
| 020 | _a9781934670347 | ||
| 050 |
_aTJ 163.9 _b.R362 2009 |
||
| 082 |
_aHS 333.79 _bR27 2009 |
||
| 100 |
_aReilly, Kathleen M. _910203 |
||
| 245 |
_aEnergy investigate why we need power & how we get it / _cKathleen M. Reilly. |
||
| 260 |
_aChicago : _bNomad Press, _cc2009. |
||
| 300 |
_a122 p. ; _bill. ; _c26 cm. |
||
| 650 |
_aEnergy _910204 |
||
| 942 | _2lcc | ||
| 999 |
_c8554 _d8554 |
||